Footballers With The Highest Market Value 2026 - Statistics

General Stats
  • This quiz has been taken 1,304 times
    17 since last reset
  • The average score is 24 of 43
Answer Stats
Market Value Nation Answer % Correct
€200M 🇳🇴Norway Erling Haaland
100%
€180M 🇫🇷France Kylian Mbappe
100%
€200M 🇪🇸Spain Lamine Yamal
100%
€130M 🏴󠁧󠁢󠁥󠁮󠁧󠁿England Jude Bellingham
92%
€150M 🇪🇸Spain Pedri
92%
€110M 🏴󠁧󠁢󠁥󠁮󠁧󠁿England Bukayo Saka
85%
€100M 🇭🇺Hungary Dominik Szoboszlai
85%
€140M 🇬🇪Georgia Khvicha Kvaratskhelia
85%
€140M 🇧🇷Brazil Vinicius Junior
85%
€140M 🇵🇹Portugal Vitinha
85%
€85M 🇸🇪Sweden Alexander Isak
77%
€100M 🇩🇪Germany Florian Wirtz
77%
€100M 🇩🇪Germany Jamal Musiala
77%
€100M 🇪🇨Ecuador Moisés Caicedo
77%
€90M 🇹🇷Türkiye Arda Güler
69%
€100M 🏴󠁧󠁢󠁥󠁮󠁧󠁿England Cole Palmer
69%
€90M 🇺🇾Uruguay Federico Valverde
69%
€150M 🇫🇷France Michael Olise
69%
€100M 🇫🇷France Ousmane Dembélé
69%
€80M 🇲🇦Morocco Achraf Hakimi
62%
€120M 🏴󠁧󠁢󠁥󠁮󠁧󠁿England Declan Rice
62%
€120M 🇫🇷France Désiré Doué
62%
€140M 🇵🇹Portugal João Neves
62%
€100M 🇦🇷Argentina Julián Álvarez
62%
€90M 🇦🇷Argentina Enzo Fernández
54%
€100M 🇫🇷France William Saliba
54%
€85M 🇦🇷Argentina Lautaro Martínez
38%
€80M 🇵🇹Portugal Nuno Mendes
38%
€80M 🇪🇸Spain Pau Cubarsí
38%
€80M 🇪🇨Ecuador William Pacho
38%
€100M 🇪🇸Spain Fermín López
31%
€80M 🇧🇷Brazil João Pedro
31%
€90M 🇫🇷France Rayan Cherki
31%
€90M 🇨🇮Côte d'Ivoire Yan Diomande
31%
€90M 🇩🇪Germany Aleksander Pavlovic
23%
€80M 🇧🇷Brazil Estêvão
23%
€80M 🇫🇷France Hugo Ekitiké
23%
€80M 🇳🇱Netherlands Ryan Gravenberch
23%
€90M 🏴󠁧󠁢󠁥󠁮󠁧󠁿England Morgan Rogers
15%
€80M 🇦🇷Argentina Nico Paz
15%
€80M 🇫🇷France Warren Zaïre-Emery
15%
€80M 🇬🇭Ghana Antoine Semenyo
8%
€80M 🇮🇹Italy Sandro Tonali
8%
No matching quizzes found
Score Distribution
Percent of People with Each Score
Percentile by Number Answered
Your Score History
You have not taken this quiz since the last reset